Návrh opatrení na zefektívnenie metódy 5S v podniku PCA Slovakia, s.r.o., Trnava

Salvato in:
Dettagli Bibliografici
Autore principale: Václav, Michal (Autore)
Altri autori: Mĺkva, Miroslava (Relatore della tesi)
Natura: Manoscritto Libro
Lingua:slovacco
Pubblicazione: 2017
Soggetti:
Accesso online:http://is.stuba.sk/zp/portal_zp.pl?podrobnosti=114952
Tags: Aggiungi Tag
Nessun Tag, puoi essere il primo ad aggiungerne!!

MARC

LEADER 00000ntm a22000003a 4500
001 stuzp62111
003 SK-STU
005 20170701210457.1
007 ta
008 150427s2015----xo-----f-mn---000-0-slo-d
040 |a STU  |b slo 
041 0 |a slo 
100 1 |a Václav, Michal  |u 064000  |4 aut  |U MTF Materiálovotechnologická fakulta  |T MTF Ústav priemyselného inžinierstva a manažmentu  |X 73303  |U M4000  |Y 84  |7 73303 
242 0 1 |a Suggestion of arrangements to reengineer 5S method in the company PCA Slovakia, Ltd.  |y eng 
245 1 0 |a Návrh opatrení na zefektívnenie metódy 5S v podniku PCA Slovakia, s.r.o., Trnava 
260 |c 2017 
650 4 |a štíhlosť  |2 slo 
650 4 |a štíhla výroba  |2 slo 
650 4 |a plytvanie  |2 slo 
650 4 |a metóda 5S  |2 slo 
650 4 |a kroky metódy 5S  |2 slo 
650 4 |a 5S method  |2 eng 
650 4 |a leanness  |2 eng 
650 4 |a lean manufacturing  |2 eng 
650 4 |a waste  |2 eng 
650 4 |a 5S method steps  |2 eng 
700 1 |a Mĺkva, Miroslava  |u 064000  |k Z1  |4 ths  |U MTF Materiálovotechnologická fakulta  |T MTF Ústav priemyselného inžinierstva a manažmentu  |X 4176  |U M4000  |Y 84  |7 A000004176 
856 4 |u http://is.stuba.sk/zp/portal_zp.pl?podrobnosti=114952 
996 |c M* BP-7940  |l MMSKP  |s P  |a 0  |w stuzp62111_0001